Differntial Equations / (Record no. 182352)
[ view plain ]
| 000 -LEADER | |
|---|---|
| fixed length control field | 01149 a2200181 4500 |
| 003 - CONTROL NUMBER IDENTIFIER | |
| control field | Nust |
| 005 - DATE AND TIME OF LATEST TRANSACTION | |
| control field | 20221121115844.0 |
| 040 ## - CATALOGING SOURCE | |
| Transcribing agency | Nust |
| 082 ## - DEWEY DECIMAL CLASSIFICATION NUMBER | |
| Classification number | 515.35,AGN |
| 100 ## - MAIN ENTRY--PERSONAL NAME | |
| Personal name | Agnew,Palmer Ralph |
| 9 (RLIN) | 103259 |
| 245 ## - TITLE STATEMENT | |
| Title | Differntial Equations / |
| Statement of responsibility, etc. | Ralph Palmer Agnew |
| 250 ## - EDITION STATEMENT | |
| Edition statement | 2nd ed |
| 260 ## - PUBLICATION, DISTRIBUTION, ETC. | |
| Place of publication, distribution, etc. | New York |
| Name of publisher, distributor, etc. | McGraw Hill |
| Date of publication, distribution, etc. | 1960 |
| 300 ## - PHYSICAL DESCRIPTION | |
| Extent | 485p |
| 505 ## - FORMATTED CONTENTS NOTE | |
| Formatted contents note | 1.Introduction to differential equations (Page-1), 2. Applications of principles of calculus (Page-20), 3. Linear equations of first order (Page-65), 4. Families of curves,equations of higher degree (Page-103), 5. Differential equations of first order (Page-130), 6. Linear differential equations (Page-153), 7. Use of series (Page-251), 8. Numerical methods (Page-293), 9. Laplace transforms (Page-341), 10. Bending of beams (Page-377), 11. Series expansions of operators (Page-381), 12. Eigenvalues,fourier series and partial differential equations (Page-388), 13. Limits,derivatives,integrals (Page-417), 14. The heat equations (Page-437), 15. Picard,s method of approximating solutions of y' (Page-441). |
| 650 ## - SUBJECT ADDED ENTRY--TOPICAL TERM | |
| Topical term or geographic name entry element | Differntial Equations |
| 9 (RLIN) | 103260 |
| 942 ## - ADDED ENTRY ELEMENTS (KOHA) | |
| Source of classification or shelving scheme | |
| Koha item type | Book |
| Call number prefix | 515.35,AGN |
| Withdrawn status | Lost status | Source of classification or shelving scheme | Damaged status | Not for loan | Permanent Location | Current Location | Shelving location | Date acquired | Full call number | Barcode | Date last seen | Price effective from | Koha item type | Public note |
|---|---|---|---|---|---|---|---|---|---|---|---|---|---|---|
| Military College of Signals (MCS) | Military College of Signals (MCS) | General Stacks | 12/12/2016 | 515.35,AGN | MCS7704 | 12/08/2016 | 12/12/2016 | Book | Almirah No.13 Shelf No.4 |
